000 00448 a2200145 4500
020 _a0080272193
082 _a355.43
110 _aDaniel, Donald C.
245 _aStrategic Military Deception
_cDonald C. Daniel
260 _aNew York:
_bPergamon Press,
_cc1985.
300 _axiii. 378p:
_bill. ;
_c20cm
650 _aStrategy-addresses, essays, lectures
_xDeception-addresses, essays, lectures
655 _aincludes indes.
942 _cBK
_k355.43 DAN
999 _c10684
_d10684